00376 a2200121 4500001001000000005001700010008004100027245004800068100002000116700003100136773007000167999001700237ART_5829620260410161610.0260409a 10aAjuste por inflación: cierres 31/12/2022.1 aVeiras, Alberto1 aPaulone, Héctor Mauricio0 tProfesional & Empresariag- Año XXV, Nº 283 (abr. 2023)wREV70 c10560d10560